Flagi państw świata w 1955 roku - Statystyki

Ogólne statystyki
  • Ten quiz został rozwiązany 11 razy
  • Średni wynik to 84 z 117
Statystyki odpowiedzi
Obrazkowy Odpowiedź % Poprawnych
Albańska Republika Ludowa
100%
Andora
100%
Arabia Saudyjska
100%
Argentyna
100%
Australia
100%
Bangladesz
100%
Królestwo Afganistanu
100%
Pakistan
100%
Bahrajn
91%
Belgia
91%
Bhutan
91%
Brazylia
91%
Bułgarska Republika Ludowa
91%
Cejlon
91%
Chile
91%
Chińska Republika Ludowa
91%
Dania
91%
Dominikana
91%
Egipt
91%
Federacja Malajska
91%
Filipiny
91%
Finlandia
91%
Francja
91%
Haiti
91%
Haiti
91%
Holandia
91%
Honduras
91%
Indie
91%
Indonezja
91%
I Republika Kuby
91%
Irlandia
91%
Islandia
91%
Izrael
91%
Japonia
91%
Kambodża
91%
Katar
91%
Kolumbia
91%
Korea Północna
91%
Korea Południowa
91%
Kostaryka
91%
Liban
91%
Luksemburg
91%
Malediwy
91%
Meksyk
91%
Monako
91%
Mongolska Republika Ludowa
91%
Nepal
91%
Niemiecka Republika Demokratyczna
91%
Norwegia
91%
Nowa Zelandia
91%
Państwo Hiszpańskie
91%
Północny Wietnam
91%
Południowy Wietnam
91%
Republika Chińska
91%
Republika Federalna Niemiec
91%
Wielka Brytania
91%
Boliwia
82%
Brunei
82%
Cesarstwo Iranu
82%
Czechosłowacja
82%
Ekwador
82%
Gwatemala
82%
Palau
82%
Panama
82%
Paragwaj
82%
Polska Rzeczpospolita Ludowa
82%
Portugalia
82%
Stany Zjednoczone
82%
Związek Socjalistycznych Republik Radzieckich
82%
Cesarstwo Etiopii
73%
Kanada
73%
Królestwo Grecji
73%
Liechtenstein
73%
Nikaragua
73%
Rumuńska Republika Ludowa
73%
San Marino
73%
Socjalistyczna Federacyjna Republika Jugosławii
73%
Syria
73%
Szwajcaria
73%
Szwecja
73%
Turcja
73%
Urugwaj
73%
Watykan
73%
Węgierska Republika Ludowa
73%
Wenezuela
73%
Włochy
73%
Barbados
64%
Fidżi
64%
Samoa
64%
Tonga
64%
Bahamy
55%
Królestwo Jemenu
55%
Laos
55%
Salwador
55%
Wyspy Salomona
55%
Birma
45%
Cypr
36%
Kuwejt
36%
Samoa Amerykańskie
36%
Sułtanat Maskatu i Omanu
36%
Terytorium Papua-Nowej Gwinei
36%
Jamajka
27%
Saint Lucia
27%
Saint Vincent i Grenadyny
27%
Grenada
18%
Aden
9%
Gujana Brytyjska
9%
Gujana Francuska
9%
Gujana Holenderska
9%
Honduras Brytyjski
9%
Wyspy Gilberta i Lagunowe
9%
Złote Wybrzeże
9%
Brytyjskie Wyspy Podwietrzne
0%
Nowe Hebrydy
0%
Oman Traktatowy
0%
Powiernicze Wyspy Pacyfiku
0%
Trynidad i Tobago
0%
Nie znaleziono quizów pasujących do podanych kryteriów
Rozkład punktacji
Procent ludzi z każdym wynikiem
Percentyl według liczby udzielonych odpowiedzi
Twoja historia wyników
Nie rozwiązałeś tego quizu